| 000 | 01078nam0a2200301 4500 | ||
|---|---|---|---|
| 001 | RU\NLR\ONL2\7825 | ||
| 005 | 20250613130512.0 | ||
| 010 |
_a5-298-00638-8 _92000 |
||
| 035 | _a(NLR Aleph) 009655414 | ||
| 090 |
_a9588063 _c9588063 |
||
| 100 | _a20071203d1996 |||y0rusy50 ca | ||
| 101 | 0 | _atat | |
| 102 | _aRU | ||
| 105 | _ay ||||||||| | ||
| 200 | 1 |
_aИдел йолдызлыгы _eповестьлар. хикэялэр. истэлеклэр _fСафа Сабиров |
|
| 210 |
_aКазан _cТатар. кит. нэшр. _d1996 |
||
| 215 |
_a253,[2] б. _d20 |
||
| 541 | 1 |
_6z01790 _aСозвездие Волги _e[повести. рассказы. воспоминания]. _zrus |
|
| 686 | 1 | _aШ6(2=Тат)7-4 | |
| 700 | 1 |
_aСабиров _bС. С. _f1915- _gСафа Сабир улы _4070 |
|
| 790 | 1 |
_6z01541 _aСабиров _bС. С. _gСафа Сабирович _4070 |
|
| 801 | 0 |
_aRU _bNLR _c20071203 _gPSBO |
|
| 852 |
_aNLR _bОНЛ _jТатар./2-11312 |
||
| 942 | _cBOOK | ||
| 980 | _aNB | ||
| 980 | _aONL_RF | ||